| 000 | 00580cam a2200217ua 4500 | ||
|---|---|---|---|
| 001 | 6402 | ||
| 005 | 20260515114038.0 | ||
| 008 | 140705n ii |||gr||||Z||||||eng | ||
| 020 | _a978-81-8054-625-9 | ||
| 040 | _cMAIN | ||
| 082 | _a332.0954 | ||
| 245 |
_aIndian financial system _cBy P.N. Varshney |
||
| 250 | _a10th rev. ed. | ||
| 260 |
_aNew delhi: _bSultan chand & sons, _c2009. |
||
| 300 | _axxxiv,2.293p. | ||
| 653 | _aFinancial economics | ||
| 653 | _aIndian financial system | ||
| 700 |
_aVarshney,P.N., _eAuthor., |
||
| 700 |
_aVarshney,P.N., _eAuthor. |
||
| 942 | _cBK | ||
| 999 |
_c5547 _d5547 |
||